Hova tünt a sok leány? mesék a hetvenes évek nő(i)művészeitől

Elmentve itt :
Bibliográfiai részletek
Szerző: Hock Bea
Adatforrás:Philobibl
Forrásdokumentuma:Café Bábel
2011:64. p. 69-75.
Dokumentumtípus: Cikk
Nyelv:magyar
Kulcsszavak:művészetelmélet
feminista művészet
feminizmus
LEADER 00404nab a2200133 c 4500
001 bibPHI0043813
005 20200924125202.8
008 101207s2011 hu hun
100 1 |a Hock Bea 
245 1 0 |a Hova tünt a sok leány?  |b mesék a hetvenes évek nő(i)művészeitől  |c Hock Bea 
695 |a művészetelmélet 
695 |a feminista művészet 
695 |a feminizmus 
773 0 |t Café Bábel  |g 2011:64. p. 69-75.